000
00347nam a2200157Ia 4500
003
OSt
005
20240327120508.0
008
170524s9999 xx 000 0 und d
020
_a
8847608767
040
_c
IIMTU MEERUT
100
_a
Bonechi - B. E.
245
0
_a
French Cooking
260
_b
Bonechi - B. E.
260
_c
2001
942
_2
ddc
_c
02
999
_c
6695
_d
6695